El árbol de los pañuelos /
Kaydedildi:
| Yazar: | |
|---|---|
| Materyal Türü: | Bilinmiyor |
| Dil: | Spanish |
| Baskı/Yayın Bilgisi: |
San José, Costa Rica :
Nueva Década,
1983.
|
| Edisyon: | 2. edición |
| Konular: | |
| Etiketler: |
Etiketle
Etiket eklenmemiş, İlk siz ekleyin!
|
MARC
| LEADER | 000000000a22000000004500 | ||
|---|---|---|---|
| 001 | 003788 | ||
| 020 | |a 997794203X | ||
| 041 | 0 | |a spa | |
| 082 | 0 | 4 | |a Ho863.4 |b E74a2 |
| 100 | 1 | |a Escoto Rojas, Julio, |d 1944- | |
| 245 | 1 | 3 | |a El árbol de los pañuelos / |c Julio Escoto Rojas. |
| 250 | |a 2. edición | ||
| 260 | 1 | |a San José, Costa Rica : |b Nueva Década, |c 1983. | |
| 300 | |a 114 páginas | ||
| 650 | 4 | |a LITERATURA HONDUREÑA | |
| 650 | 4 | |a NOVELA | |
| 999 | |c 10194 |d 10194 | ||
| 942 | |c BK |h Ho863.4 E74a2 |2 z | ||



